000
00236nam a22000857a 4500
008
160630b xxu||||| |||| 00| 0 eng d
100
_9
1612
_a
Devi, S
245
_a
Figuring; The Joy of Numbers
260
_a
New Delhi
_b
Orient Publications
_c
2004
999
_c
1336
_d
1336